Hudební teorie a pedagogika česko-slovenský sborník doktorandů katedry hudební výchovy Pedagogické fakulty Univerzity J. E. Purkyně v Ústí nad Labem (Česká republika) a Katedry hudby Fakulty humanitných vied Univerzity Mateja Bela v Banskej Bystrici (Slovenská republika)

Bibliographic Details
Format: Book
Language:Czech
Slovak
PhysicalDescription:137 s. noty 21 cm
Published: Ústí nad Labem Univerzita J. E. Purkyně 2004
ISBN:8070445475
Edition:1. vyd.
Series:Sborníky
Subjects:

MARC

LEADER 00000nam a2200000 a 4500
001 vtls001475648
003 SK-MaSNL
005 20260302073548.0
008 240226s2004 xr l f a 000 0dcze
015 |a SNBZSA2004 
020 |a 8070445475  |q (brož.) 
035 |a SNK000430949 
035 |a urn:nbn:sk:snk-amkoto 
035 |a urn:nbn:sk:snk-am003bz4 
035 |a 9C33A762-639B-4C95-99BF-810AFE58348A 
040 |a SNK  |b slo  |c SNK  |e AACR2 
041 0 |a cze  |a slo  |b eng 
044 |a xr  |c CZ 
072 7 |a 781  |x Hudobná teória  |2 konspekt 
245 0 0 |a Hudební teorie a pedagogika  |b česko-slovenský sborník doktorandů katedry hudební výchovy Pedagogické fakulty Univerzity J. E. Purkyně v Ústí nad Labem (Česká republika) a Katedry hudby Fakulty humanitných vied Univerzity Mateja Bela v Banskej Bystrici (Slovenská republika) 
246 1 1 |a Teória vyučovania hudobnej výchovy 
250 |a 1. vyd. 
260 |a Ústí nad Labem  |b Univerzita J. E. Purkyně  |c 2004 
300 |a 137 s.  |b noty  |c 21 cm 
490 1 |a Sborníky 
650 0 7 |a hudobná výchova  |2 SNKPH  |9 1662 
650 0 7 |a hudobná teória  |2 SNKPH  |9 3203 
650 0 7 |a hudobná pedagogika  |2 SNKPH  |9 67645 
655 7 |a zborníky  |2 SNKPH  |9 70165 
700 1 |a Říha, Josef,  |d 1934-2014  |4 lso  |9 252819 
830 0 |a Sborníky  |9 291300 
919 |a 80-7044-547-5 
954 |a odborná, vedecká literatúra cudzojazyčná (svetová)  |2 lita 
954 |a odborná, vedecká literatúra pôvodná (slovenská)  |2 lita 
958 |a OND 
999 |c 1161330  |d 1163260 
952 |t P60, <03>, [BOOK], {603}, -K-  |a SNK  |b SNK  |y PREZ  |7 0  |p 17A0429893  |o snkSC 116415  |i snkD 619/2004  |8 1  |0 0  |1 0  |4 0  |d 2004-05-28  |f 1  |l 0  |r 2025-10-16 00:00:00  |w 2026-02-24